Language Quiz

Random Language or Letter Quiz

4-Letter Vocabulary (Medium) Quiz Stats

 Plays Quiz Updated Jun 23, 2017

Support Sporcle.
Go Orange.
Score 0/25 Timer 04:00
1 Play Today
% Correct
jade
94.7%
ogre
94.6%
ajar
94.4%
hail
94.1%
diva
93%
emit
92.6%
silo
92.6%
apex
92.3%
stow
92.3%
flan
92.3%
rein
91.9%
bias
91.6%
kiwi
91.4%
% Correct
sear
91.4%
garb
88.9%
epic
87.6%
dale
82%
foil
81.9%
bane
80.2%
flux
79.2%
balk
78.4%
boor
76.6%
darn
76.6%
bevy
74.7%
tare
73.3%

You're not logged in!

Compare scores with friends on all Sporcle quizzes.
OR
Log In
Forgot?

From the Vault

Woody Allen Movies

by Derek

Woody Allen has directed over 40 movies since 1966 and has shown no signs of slowing down.
Remove Ads.
Support Sporcle.
Get the best of Sporcle when you Go Orange. This ad-free experience offers more features, more stats, and more fun while also helping to support Sporcle. Thank you for becoming a member.

Show Comments

Extras

Top Quizzes Today


Score Distribution

Your Account Isn't Verified!

In order to create a playlist on Sporcle, you need to verify the email address you used during registration. Go to your Sporcle Settings to finish the process.

Report this User

Report this user for behavior that violates our Community Guidelines.

Details: